|
|
|
|
| LEADER |
00000cam a22000004a 4500 |
| 001 |
musev2_56397 |
| 003 |
MdBmJHUP |
| 005 |
20230905045804.0 |
| 006 |
m o d |
| 007 |
cr||||||||nn|n |
| 008 |
171012s2017 oru o 00 0 eng d |
| 020 |
|
|
|a 9780870718960
|
| 020 |
|
|
|z 9780870718953
|
| 035 |
|
|
|a (OCoLC)1005887908
|
| 040 |
|
|
|a MdBmJHUP
|c MdBmJHUP
|
| 100 |
1 |
|
|a Paulus, Norma,
|e author.
|
| 245 |
1 |
5 |
|a The Only Woman in the Room :
|b The Norma Paulus Story /
|c Norma Paulus ; with Gail Wells and Pat McCord Amacher.
|
| 264 |
|
1 |
|a Corvallis, OR :
|b Oregon State University Press,
|c [2017]
|
| 264 |
|
3 |
|a Baltimore, Md. :
|b Project MUSE,
|c 2017
|
| 264 |
|
4 |
|c ©[2017]
|
| 300 |
|
|
|a 1 online resource (284 pages):
|b illustrations
|
| 336 |
|
|
|a text
|b txt
|2 rdacontent
|
| 337 |
|
|
|a computer
|b c
|2 rdamedia
|
| 338 |
|
|
|a online resource
|b cr
|2 rdacarrier
|
| 490 |
0 |
|
|a Women and politics in the Pacific Northwest
|
| 505 |
0 |
|
|a Contents -- Foreword by Wallace P. Carson Jr. -- Tribute by Liz Paulus, Fritz Paulus, and Jennifer Viviano -- Note on Sources -- 1. The Early Years -- 2. Freshman in the House -- 3. Champion of the Environment -- 4. Land-Use Pioneer -- 5. A Journey to Feminism -- 6. Sunshine in Government -- 7. An Historic Election -- 8. Keeping Oregon Honest -- 9. The Rajneeshee Affair -- 10. Heartbreak and Consolation Prize -- 11. Oregon's Chief Educator -- 12. A Legacy of Service -- Acknowledgments -- Notes
|
| 588 |
|
|
|a Description based on print version record.
|
| 600 |
1 |
7 |
|a Paulus, Norma.
|2 fast
|0 (OCoLC)fst01447251
|
| 600 |
1 |
0 |
|a Paulus, Norma.
|
| 650 |
|
7 |
|a Women politicians.
|2 fast
|0 (OCoLC)fst01178383
|
| 650 |
|
7 |
|a Women legislators.
|2 fast
|0 (OCoLC)fst01178102
|
| 650 |
|
7 |
|a Politics and government.
|2 fast
|0 (OCoLC)fst01919741
|
| 650 |
|
7 |
|a Politicians.
|2 fast
|0 (OCoLC)fst01069915
|
| 650 |
|
7 |
|a Legislators.
|2 fast
|0 (OCoLC)fst00995828
|
| 650 |
|
7 |
|a Lawyers.
|2 fast
|0 (OCoLC)fst00994346
|
| 650 |
|
7 |
|a Feminists.
|2 fast
|0 (OCoLC)fst00922831
|
| 650 |
|
6 |
|a Hommes politiques
|z Oregon
|v Biographies.
|
| 650 |
|
6 |
|a Femmes politiques
|z Oregon
|v Biographies.
|
| 650 |
|
6 |
|a Feministes
|z Oregon
|v Biographies.
|
| 650 |
|
0 |
|a Lawyers
|z Oregon
|v Biography.
|
| 650 |
|
0 |
|a Feminists
|z Oregon
|v Biography.
|
| 650 |
|
0 |
|a Women legislators
|z Oregon
|v Biography.
|
| 650 |
|
0 |
|a Legislators
|z Oregon
|v Biography.
|
| 650 |
|
0 |
|a Women politicians
|z Oregon
|v Biography.
|
| 650 |
|
0 |
|a Politicians
|z Oregon
|v Biography.
|
| 651 |
|
7 |
|a Oregon.
|2 fast
|0 (OCoLC)fst01204579
|
| 651 |
|
6 |
|a Oregon
|x Politique et gouvernement
|y 1951-
|
| 651 |
|
6 |
|a Oregon
|v Biographies.
|
| 651 |
|
0 |
|a Oregon
|v Biography.
|
| 651 |
|
0 |
|a Oregon
|x Politics and government
|y 1951-
|
| 655 |
|
7 |
|a Biographies.
|2 fast
|0 (OCoLC)fst01919896
|
| 655 |
|
7 |
|a Electronic books.
|2 local
|
| 700 |
1 |
|
|a Amacher, Patricia,
|d 1953-
|e author.
|
| 700 |
1 |
|
|a Wells, Gail,
|d 1952-
|e author.
|
| 710 |
2 |
|
|a Project Muse.
|e distributor
|
| 830 |
|
0 |
|a Book collections on Project MUSE.
|
| 856 |
4 |
0 |
|z Texto completo
|u https://projectmuse.uam.elogim.com/book/56397/
|
| 945 |
|
|
|a Project MUSE - Custom Collection
|
| 945 |
|
|
|a Project MUSE - 2017 Complete
|
| 945 |
|
|
|a Project MUSE - 2017 History
|